Bienvenue à la Médiathèque de Saint-Andiol
banniere
Accueil Recherche avancée Mon compte
handi1 Rechercher dans le catalogue

Filtre   Mots-clés
  Recherche avancée
 
Lister les dernières nouveautés
 
Lister les livres GROS CARACTERES
 
Lister les périodiques (magazines)

handi1 Où es-tu Princesse ?

le théâtre d'ombres

<< Retourner aux résultats de la recherche
Book Cover
Auteur principal : Nathalie Dieterlé
Titre : Où es-tu Princesse ?
Support : Livres
Langue : Francais
Publié : 2006 Casterman Tournai (Belgique)
Genre : Album
Collection : Livre animé
Sujets :
Étiquettes :
Pas de tags
LEADER 00922nam0a2200217 450
001 16868122
010 |a 2-203-13924-2  |b cart.  |d 16,5 € 
100 |a 20121224d2006 u u0frey01 ba 
101 0 |a fre 
102 |a FR 
200 0 |a Où es-tu Princesse ?  |e le théâtre d'ombres  |f Nathalie Dieterlé 
205 |a Réimpr. 
207 1 |a   
210 |a Tournai (Belgique)  |b 28 Rue des Soeurs Noires.  |c Casterman  |d 2006 
215 |a 16 p.  |c ill en coul  |d 26 x 30 cm  |e 1 lampe de poche 
225 1 |a Livre animé 
330 |a Ce théâtre d'ombres avec pop-up et une lampe de poche pour les projeter sur un mini-écran inclus, permet de conter les aventures du jeune prince Lilo et de sa fiancée, la princesse Lila, qui a été enlevée. 
700 0 |a Dieterlé  |b Nathalie  |f 1966-....  |4 70 
900 |a Album 
901 |a Jeunesse 
995 |a Médiathèque  |c Médiathèque  |f 00156009778374  |h 00156009778374  |k A DIE  |o p  |q j  |r az  |e Médiathèque